000 01290nam a2200325Ia 4500
001 ebr10617426
003 CaPaEBR
006 m u
007 cr cn|||||||||
008 110617s2012 dcua sb 001 0 eng
010 _z 2011025966
020 _z9781585624072 (pbk. : alk. paper)
020 _z9781585629756
040 _aCaPaEBR
_cCaPaEBR
035 _a(OCoLC)817558991
050 1 4 _aRC568.C6
_bC63 2012eb
082 0 4 _a615.7/88
_223
245 0 0 _aCocaine and methamphetamine dependence
_h[electronic resource] :
_badvances in treatment /
_cedited by Thomas R. Kosten ... [et al.].
250 _a1st ed.
260 _aWashington, DC :
_bAmerican Psychiatric Pub.,
_cc2012.
300 _axviii, 216 p. :
_bill.
504 _aIncludes bibliographical references and index.
533 _aElectronic reproduction.
_bPalo Alto, Calif. :
_cebrary,
_d2011.
_nAvailable via World Wide Web.
_nAccess may be limited to ebrary affiliated libraries.
650 0 _aCocaine abuse
_xTreatment.
650 0 _aMethamphetamine abuse
_xTreatment.
655 7 _aElectronic books.
_2local
700 1 _aKosten, Thomas R.
710 2 _aebrary, Inc.
856 4 0 _uhttp://site.ebrary.com/lib/rucke/Doc?id=10617426
_zAn electronic book accessible through the World Wide Web; click to view
999 _c75611
_d75611